[Event "Hillerod CC 1617 B"]
[Site "Hillerod"]
[Date "2017.04.04"]
[Round "9"]
[White "Bagge, Kenny"]
[Black "Nygaard, Soren"]
[Result "0-1"]
[WhiteElo "1537"]
[BlackElo "1754"]
[PlyCount "48"]
[EventDate "2016.12.13"]
[EventType "tourn"]
[EventRounds "9"]
[EventCountry "DEN"]
[SourceTitle "EXT 2023"]
[Source "ChessBase"]
[SourceDate "2022.10.05"]
[SourceVersion "1"]
[SourceVersionDate "2022.10.05"]
[SourceQuality "1"]

1. e4 c5 2. Nf3 Nc6 3. d4 cxd4 4. Nxd4 Nf6 5. Nc3 e5 6. Ndb5 d6 7. Nd5 Nxd5 8. exd5 Nb8 9. Qf3 Be7 10. Qc3 Na6 11. Be3 0-0 12. Nxa7 Nc5 13. Nb5 Bf5 14. Bxc5 dxc5 15. Qxe5 Bxc2 16. Qc3 Ba4 17. Bc4 Bf6 18. Qd2 Re8+ 19. Kf1 Qb6 20. Nc3 Bd7 21. g3 Qb4 22. Be2 Bh3+ 23. Kg1 Bxc3 24. bxc3 Qe4 0-1

[Event "Hillerod CC-ch B"]
[Site "Hillerod"]
[Date "2016.03.15"]
[Round "7"]
[White "Sorensen, Viggo"]
[Black "Bagge, Kenny"]
[Result "1-0"]
[WhiteElo "1646"]
[BlackElo "1568"]
[PlyCount "59"]
[EventDate "2016.01.05"]
[EventType "tourn"]
[EventRounds "9"]
[EventCountry "DEN"]
[SourceTitle "EXT 2024"]
[Source "ChessBase"]
[SourceDate "2023.10.10"]
[SourceVersion "1"]
[SourceVersionDate "2023.10.10"]
[SourceQuality "1"]

1. e4 c5 2. Nf3 d6 3. d4 cxd4 4. Nxd4 Nf6 5. Nc3 g6 6. Be3 a6 7. Qd2 b5 8. 0-0-0 Bg7 9. f3 0-0 10. g4 b4 11. Nb1 Nbd7 12. Qxb4 Rb8 13. Qc3 Bb7 14. h4 Rc8 15. Qd2 e5 16. Nb3 Nxe4 17. Qg2 Nec5 18. Rxd6 Nxb3+ 19. axb3 Qa5 20. Bxa6 Bxa6 21. Rxd7 Qa1 22. Rhd1 Rc6 23. h5 g5 24. Qf2 Bf6 25. R7d6 Rxd6 26. Rxd6 Kg7 27. Bc5 Rc8 28. Ba3 e4 29. Rxa6 Bxb2+ 30. Bxb2+ 1-0

[Event "Hillerod CC-ch B"]
[Site "Hillerod"]
[Date "2016.01.26"]
[Round "3"]
[White "Gasbjerg, Aksel"]
[Black "Bagge, Kenny"]
[Result "1/2-1/2"]
[WhiteElo "1681"]
[BlackElo "1568"]
[PlyCount "62"]
[EventDate "2016.01.05"]
[EventType "tourn"]
[EventRounds "9"]
[EventCountry "DEN"]
[SourceTitle "EXT 2024"]
[Source "ChessBase"]
[SourceDate "2023.10.10"]
[SourceVersion "1"]
[SourceVersionDate "2023.10.10"]
[SourceQuality "1"]

1. e4 c5 2. Nf3 d6 3. Bb5+ Nc6 4. 0-0 Bd7 5. Nc3 a6 6. Bxc6 Bxc6 7. d4 cxd4 8. Nxd4 Nf6 9. Nxc6 bxc6 10. Bg5 g6 11. Bxf6 exf6 12. Ne2 Bg7 13. Rb1 0-0 14. c4 Re8 15. Qc2 Qc7 16. Rfd1 Re5 17. Ng3 Bh6 18. b4 Rae8 19. c5 dxc5 20. bxc5 Bf4 21. Rd4 Bxg3 22. hxg3 f5 23. exf5 Rxf5 24. Rbd1 Qe5 25. Rc4 Rh5 26. Qd2 Qe6 27. Rdc1 Rd5 28. Qc2 Qe2 29. Qxe2 Rxe2 30. R1c2 Re1+ 31. Kh2 Rh5+ 1/2-1/2